[Event "Vitrolles 1112"]
[Site "Vitrolles"]
[Date "2012.02.08"]
[Round "7"]
[White "Anton, Jose"]
[Black "Battaglia, Gerard"]
[Result "0-1"]
[WhiteElo "1889"]
[BlackElo "1833"]
[PlyCount "114"]
[EventDate "2011.10.08"]
[EventType "tourn"]
[EventRounds "9"]
[EventCountry "FRA"]
[SourceTitle "EXT 2014"]
[Source "ChessBase"]
[SourceDate "2013.11.20"]
[SourceVersion "1"]
[SourceVersionDate "2013.11.20"]
[SourceQuality "1"]

1. e4 e5 2. d4 exd4 3. c3 dxc3 4. Bc4 Qe7 5. Nxc3 Nf6 6. Nf3 d6 7. Ng5 Be6 8. Bxe6 fxe6 9. Qb3 c6 10. Nxe6 Na6 11. 0-0 h6 12. Re1 Nc5 13. Nxc5 dxc5 14. e5 0-0-0 15. f4 Ne8 16. Ne4 Rd5 17. Be3 Qd7 18. Red1 b6 19. a4 c4 20. Qc2 Bb4 21. Bd2 Bxd2 22. Rxd2 Nc7 23. Nd6+ Kb8 24. Nxc4 Rxd2 25. Qxd2 Qxd2 26. Nxd2 Rf8 27. g3 c5 28. Ne4 Ne6 29. Nd6 a6 30. Re1 Kc7 31. Kg2 Nd4 32. Kh3 h5 33. Rf1 g6 34. Kg2 b5 35. axb5 axb5 36. Ra1 Kb6 37. Ne4 Nf5 38. Re1 Rd8 39. Re2 b4 40. Rd2 Nd4 41. Nd6 Kc6 42. Nf7 Re8 43. Nd6 Re7 44. Kf2 Nb3 45. Rd3 Nd4 46. Ke3 Ra7 47. Rd2 Nb3 48. Rc2 Nd4 49. Rf2 Ra2 50. Kd3 Kd5 51. Nc8 c4+ 52. Ke3 Nf5+ 53. Kf3 Ke6 54. Nb6 c3 55. Nc4 c2 56. Rf1 Nd4+ 57. Ke4 Nb3 0-1

[Event "Provence-ch access Meyreuil 9596"]
[Site "France"]
[Date "1995.??.??"]
[Round "6"]
[White "Metras, Dominique"]
[Black "Battaglia, Gerard"]
[Result "1/2-1/2"]
[WhiteElo "1870"]
[BlackElo "1850"]
[PlyCount "47"]
[EventDate "1995.??.??"]
[EventType "tourn"]
[EventRounds "9"]
[EventCountry "FRA"]
[SourceTitle "EXT 2005"]
[Source "ChessBase"]
[SourceDate "2004.11.15"]
[SourceVersion "1"]
[SourceVersionDate "2004.11.15"]
[SourceQuality "1"]

1. c4 e6 2. Nf3 f5 3. Nc3 Nf6 4. d3 b6 5. g3 Bb7 6. Bg2 Be7 7. 0-0 0-0 8. Qc2 c5 9. e4 d6 10. exf5 exf5 11. d4 Nh5 12. d5 g6 13. Bh6 Ng7 14. h4 Na6 15. Ng5 Nc7 16. Ne2 Bf6 17. Nf4 Qd7 18. Rae1 Rfe8 19. b3 Rxe1 20. Rxe1 Re8 21. Qd2 Re7 22. Bf1 Qe8 23. Rxe7 Qxe7 24. Qe2 1/2-1/2

[Event "Provence-ch prom Meyreuil 9495"]
[Site "France"]
[Date "1994.??.??"]
[Round "7"]
[White "Tatinian, William"]
[Black "Battaglia, Gerard"]
[Result "1/2-1/2"]
[WhiteElo "1610"]
[BlackElo "1860"]
[PlyCount "73"]
[EventDate "1994.??.??"]
[EventType "tourn"]
[EventRounds "9"]
[EventCountry "FRA"]
[SourceTitle "EXT 2005"]
[Source "ChessBase"]
[SourceDate "2004.11.15"]
[SourceVersion "1"]
[SourceVersionDate "2004.11.15"]
[SourceQuality "1"]

1. e4 e6 2. d4 d5 3. e5 c5 4. c3 Ne7 5. Nf3 Nec6 6. Bd3 b6 7. Bf4 Ba6 8. 0-0 Be7 9. Re1 Bxd3 10. Qxd3 Nd7 11. Nbd2 cxd4 12. cxd4 Nb4 13. Qb3 Rc8 14. Rac1 0-0 15. a3 Nc6 16. Rc3 Rc7 17. Qc2 Qa8 18. Nb3 Rfc8 19. Bg5 Bf8 20. Rc1 a5 21. Bd8 Rxd8 22. Rxc6 Rxc6 23. Qxc6 Qxc6 24. Rxc6 h6 25. Nbd2 g5 26. Nb1 g4 27. Ne1 h5 28. Nd3 Bh6 29. Nc3 Bd2 30. Nb1 Bg5 31. Nc3 Rb8 32. Rc7 Nf8 33. Nb5 Bd8 34. Rc6 Ng6 35. Rc2 Bg5 36. Kf1 Ne7 37. Nd6 1/2-1/2